| 000 | 00559nam a22001937a 4500 | ||
|---|---|---|---|
| 005 | 20260120154333.0 | ||
| 008 | 260120b |||||||| |||| 00| 0 eng d | ||
| 037 | _cTB | ||
| 040 |
_aCRL _cCRL |
||
| 084 | _qCRL | ||
| 100 |
_aSingh, Gopal _9940435 |
||
| 245 | _aSoviet disintegration, global politics and third world countries | ||
| 260 |
_aNew Delhi, India: _bDeep & Deep, _c1995. |
||
| 300 | _a254 p. | ||
| 365 |
_b275.00 _cINR |
||
| 700 |
_aBhardwaj, Prem R. _9940436 |
||
| 942 |
_2CC _cTB _n0 |
||
| 999 |
_c1532235 _d1532235 |
||